000 00534nam a2200121Ia 4500
008 220214s9999 xx 000 0 und d
100 _aBateman L
245 4 _aThe Structure of polyisoprenes. Part V. Ultra-violet absorption spectra of certain carbalkoxy-substituted1,5-diened, and the charge-resonance spectra of glutaconic ester enolate ions (The British Rubber Producers' Research Association, Publication No.58)
260 _bJournal of the Chemical Society, 1945
_c1945
300 _a216-222
700 _aKoch H.P.
942 _cRE
999 _c46268
_d46268